书目信息 |
| 题名: |
课程与教学的基本原理
|
|
| 作者: | 泰勒 著 ;罗康 , 张阅 译 | |
| 分册: | ||
| 出版信息: | 北京 中国轻工业出版社 2014 |
|
| 页数: | 269页 | |
| 开本: | 24cm | |
| 丛书名: | ||
| 单 册: | ||
| 中图分类: | G423.04 | |
| 科图分类: | ||
| 主题词: | 课程--ke cheng--教学研究 , 教学研究--jiao xue yan jiu | |
| 电子资源: | ||
| ISBN: | 978-7-5019-9456-4 | |
| 000 | 01151nam0 22002771 450 | |
| 001 | 387797 | |
| 005 | 20170502165544.0 | |
| 010 | @a978-7-5019-9456-4@dCNY42.00 | |
| 100 | @a20131211d2014 em y0chiy50 ea | |
| 101 | 2 | @achi@ceng |
| 102 | @aCN@b110000 | |
| 105 | @ay z 000yy | |
| 106 | @ar | |
| 200 | 1 | @a课程与教学的基本原理@9ke cheng yu jiao xue de ji ben yuan li@dBasic principles of curriculum and instruction@e英汉对照版@f(美)拉尔夫·泰勒著@g罗康,张阅译@zeng |
| 210 | @a北京@c中国轻工业出版社@d2014 | |
| 215 | @a269页@d24cm | |
| 330 | @a本书试图阐明一种基本原理,用于观察、分析、诠释教育机构的课程及教学计划。书中提出四个基本问题,包括:学校应力求达到如何教育目标?要为学生提供怎样的教育经验才能达到这些教育目标?如何有效地组织这些教育经验?我们如何才能确定这些教育目标正在得以实现? | |
| 510 | 1 | @aBasic principles of curriculum and instruction@zeng |
| 606 | 0 | @a课程@9ke cheng@x教学研究 |
| 606 | 0 | @a教学研究@9jiao xue yan jiu |
| 690 | @aG423.04@v5 | |
| 701 | 0 | @a泰勒@9tai le@4著 |
| 702 | 0 | @a罗康@9luo kang@4译 |
| 702 | 0 | @a张阅@9zhang yue@4译 |
| 801 | 0 | @aCN@b百万庄@c20170308 |
| 905 | @b1004044-9@dG423.04@e286@f6 | |
| 课程与教学的基本原理=Basic principles of curriculum and instruction:英汉对照版/(美)拉尔夫·泰勒著/罗康,张阅译.-北京:中国轻工业出版社,2014 |
| 269页;24cm |
| ISBN 978-7-5019-9456-4:CNY42.00 |
| 本书试图阐明一种基本原理,用于观察、分析、诠释教育机构的课程及教学计划。书中提出四个基本问题,包括:学校应力求达到如何教育目标?要为学生提供怎样的教育经验才能达到这些教育目标?如何有效地组织这些教育经验?我们如何才能确定这些教育目标正在得以实现? |
| ● |
| 相关链接 |
|
|
|
|
正题名:课程与教学的基本原理
索取号:G423.04/286
 
预约/预借
| 序号 | 登录号 | 条形码 | 馆藏地/架位号 | 状态 | 备注 |
| 1 | 1004044 | 210040445 | 第一样本阅览室/ [索取号:G423.04/286] | 在馆 | |
| 2 | 1004045 | 210040454 | 教育系资料室/ [索取号:G423.04/286] | 在馆 | |
| 3 | 1004046 | 210040463 | 教育系资料室/ [索取号:G423.04/286] | 在馆 | |
| 4 | 1004047 | 210040472 | 教育系资料室/ [索取号:G423.04/286] | 在馆 | |
| 5 | 1004048 | 210040481 | 第四借阅区/ [索取号:G423.04/286] | 在馆 | |
| 6 | 1004049 | 210040490 | 第四借阅区/ [索取号:G423.04/286] | 在馆 |